[Event "Transcendent Classic I"]
[Site "SchemingMind.com"]
[Date "2012.06.29"]
[Round "-"]
[White "rookie31"]
[Black "Transcendent"]
[Result "1-0"]
[WhiteCountry "IND"]
[BlackCountry "ENG"]
[WhiteElo "2211"]
[WhiteRD "63"]
[BlackElo "1679"]
[BlackRD "79"]
[GameID "313070"]

1. d4 Nf6 2. c4 g6 3. g3 Bg7 4. Bg2 d5 5. Nf3 O-O 6. cxd5 Nxd5 7. O-O Nc6 8. Nc3 Nb6 9. e3 Re8 10. Qe2 e5
11. dxe5 Nxe5 12. Nxe5 Bxe5 13. Rd1 Qe7 14. a4 Nd7 15. a5 c6 16. a6 Nf6 17. h3 Qc7 18. Bd2 Rb8 19. axb7 Rxb7 20. Na4 Bf5
21. Qc4 Rc8 22. f4 Bd6 23. e4 Be6 24. Qd4 Nh5 25. Bc3
1-0

[Event "Transcendent Classic I"]
[Site "SchemingMind.com"]
[Date "2012.06.29"]
[Round "-"]
[White "rookie31"]
[Black "Michal Drus"]
[Result "1-0"]
[WhiteCountry "IND"]
[BlackCountry "POL"]
[WhiteElo "2185"]
[WhiteRD "58"]
[BlackElo "1660"]
[BlackRD "58"]
[GameID "313071"]

1. d4 d5 2. c4 c6 3. Nf3 Nf6 4. Nc3 e6 5. Bg5 h6 6. Bh4 dxc4 7. e4 g5 8. Bg3 b5 9. Qc2 Bb7 10. Be2 Nbd7
11. Ne5 Nxe5 12. Bxe5 Bb4 13. Rd1 Bd6 14. Bxd6 Qxd6 15. e5 Qb4 16. exf6 Qd6 17. O-O O-O-O 18. Ne4 Qf4 19. b3 h5 20. bxc4 g4
21. cxb5 Qc7 22. Rc1 Rxd4 23. bxc6 Bxc6 24. Bb5 Bxb5 25. Qxc7#
1-0

[Event "Transcendent Classic I"]
[Site "SchemingMind.com"]
[Date "2012.06.29"]
[Round "-"]
[White "rookie31"]
[Black "James Reed"]
[Result "1-0"]
[WhiteCountry "IND"]
[BlackCountry "ENG"]
[WhiteElo "2203"]
[WhiteRD "58"]
[BlackElo "1535"]
[BlackRD "70"]
[GameID "313072"]

1. d4 Nf6 2. c4 e6 3. Nf3 d5 4. Bg5 Be7 5. Nc3 h6 6. Bh4 Bb4 7. cxd5 exd5 8. Qb3 Bxc3+ 9. bxc3 Nbd7 10. e3 c6
11. Bd3 O-O 12. O-O Re8 13. c4 Qc7 14. Rfc1 Qb6 15. Qc2 Qc7 16. Nd2 b6 17. cxd5 Nxd5 18. Bg3 Qd8 19. Qxc6 Nc7 20. Bxc7 Qe7
21. Qxa8 Nf6 22. Qxa7 Nd5 23. Bxb6 Qxa7 24. Bxa7 Nb4 25. Bb5 Rd8 26. Bb6 Rf8 27. Bc5 Rd8 28. Bxb4 Be6 29. a4 Bd7 30. Bxd7 Rxd7
31. a5
1-0

[Event "Transcendent Classic I"]
[Site "SchemingMind.com"]
[Date "2012.06.29"]
[Round "-"]
[White "alejandro83"]
[Black "rookie31"]
[Result "0-1"]
[WhiteCountry "ARG"]
[BlackCountry "IND"]
[WhiteElo "1883"]
[WhiteRD "73"]
[BlackElo "2185"]
[BlackRD "58"]
[GameID "313073"]

1. e4 c6 2. d4 d5 3. Nc3 dxe4 4. Nxe4 Bf5 5. Ng3 Bg6 6. f4 e6 7. Nf3 Nd7 8. Bc4 Nb6 9. Bb3 Bd6 10. Ne5 Ne7
11. Qe2 O-O 12. O-O Qc7 13. Bd2 Rad8 14. Rae1 Bxe5 15. dxe5 c5 16. Ba5 c4
0-1

[Event "Transcendent Classic I"]
[Site "SchemingMind.com"]
[Date "2012.07.01"]
[Round "-"]
[White "emvarela"]
[Black "rookie31"]
[Result "0-1"]
[WhiteCountry "ARG"]
[BlackCountry "IND"]
[WhiteElo "1717"]
[WhiteRD "50"]
[BlackElo "2211"]
[BlackRD "63"]
[GameID "313074"]

1. e4 c6 2. d4 d5 3. Nc3 dxe4 4. Nxe4 Bf5 5. Ng3 Bg6 6. h4 h6 7. h5 Bh7 8. Nf3 e6 9. Bf4 Nf6 10. Qd2 Nd5
11. c3 Nd7 12. Ne5 Bd6 13. Nd3 Nxf4 14. Nxf4 Qc7 15. Nge2 Nb6 16. b3 O-O-O 17. g3 e5 18. Nd3 Rhe8 19. Bh3+ Kb8 20. O-O-O Ba3+
21. Nb2 exd4 22. Nxd4 c5 23. Qf4 Qxf4+ 24. gxf4 cxd4 25. cxd4 Re2
0-1

[Event "Transcendent Classic I"]
[Site "SchemingMind.com"]
[Date "2012.06.30"]
[Round "-"]
[White "Olli Ylönen"]
[Black "rookie31"]
[Result "0-1"]
[WhiteCountry "FIN"]
[BlackCountry "IND"]
[WhiteElo "1845"]
[WhiteRD "53"]
[BlackElo "2200"]
[BlackRD "61"]
[GameID "313075"]

1. e4 c6 2. Nc3 d5 3. Nf3 e6 4. d4 Nf6 5. Bd3 Be7 6. O-O O-O 7. Qe2 b6 8. Bg5 Nbd7 9. e5 Ne8 10. Bxe7 Qxe7
11. a3 a5 12. h4 Nc7 13. Ng5 h6 14. Qh5 Ba6 15. Bxa6 Rxa6 16. Nh3 c5 17. dxc5 bxc5 18. Ne2 Rb8 19. Rab1 Rab6 20. b3 a4
21. Nc1 Nb5 22. bxa4 Nxa3 23. Rxb6 Nxb6 24. a5 Nbc4 25. Qe2 Rb2 26. Nb3 Nxc2 27. Qd3 Nxe5
0-1

[Event "Transcendent Classic I"]
[Site "SchemingMind.com"]
[Date "2012.06.30"]
[Round "-"]
[White "Transcendent"]
[Black "rookie31"]
[Result "0-1"]
[WhiteCountry "ENG"]
[BlackCountry "IND"]
[WhiteElo "1679"]
[WhiteRD "79"]
[BlackElo "2211"]
[BlackRD "63"]
[GameID "313076"]

1. d3 d5 2. Nf3 Nf6 3. g3 Nc6 4. Bg2 e5 5. Nbd2 Be7 6. e4 dxe4 7. dxe4 Be6 8. O-O O-O 9. Re1 Qd6 10. Qe2 a6
11. a3 Rfd8 12. Nc4 Qc5 13. b3 Bxc4 14. bxc4 Nd7 15. Be3 Qa5 16. Bd2 Qa4 17. Bc3 Bd6 18. Reb1 Rab8 19. Bf1 Nf6 20. Rb2 Re8
0-1

[Event "Transcendent Classic I"]
[Site "SchemingMind.com"]
[Date "2012.06.29"]
[Round "-"]
[White "Michal Drus"]
[Black "rookie31"]
[Result "0-1"]
[WhiteCountry "POL"]
[BlackCountry "IND"]
[WhiteElo "1660"]
[WhiteRD "58"]
[BlackElo "2185"]
[BlackRD "58"]
[GameID "313077"]

1. e4 c6 2. d4 d5 3. Nc3 dxe4 4. Nxe4 Bf5 5. Nc5 e5 6. Nxb7 Qb6 7. Nc5 exd4 8. Nb3 Bb4+ 9. Bd2 Nf6 10. Nf3 c5
11. Bxb4 Qxb4+ 12. Nfd2 O-O 13. Be2 Re8 14. O-O Bxc2 15. Qxc2 Rxe2 16. Rad1 Nbd7 17. Rfe1 Rxe1+ 18. Rxe1 Rb8 19. a3 Qb5 20. Rc1 a5
21. Nxc5 Rc8 22. Ndb3 Nxc5 23. Nxc5 Nd7 24. Rd1 Rxc5 25. Qd2 d3 26. h3 Rd5 27. Qe3 Qxb2 28. Qf3 Qe2 29. Qxd5 Qxd1+ 30. Kh2 Nf8
0-1

[Event "Transcendent Classic I"]
[Site "SchemingMind.com"]
[Date "2012.06.29"]
[Round "-"]
[White "James Reed"]
[Black "rookie31"]
[Result "0-1"]
[WhiteCountry "ENG"]
[BlackCountry "IND"]
[WhiteElo "1535"]
[WhiteRD "70"]
[BlackElo "2203"]
[BlackRD "58"]
[GameID "313078"]

1. e4 c6 2. d4 d5 3. Nc3 dxe4 4. Nxe4 Bf5 5. Ng3 Bg6 6. Nf3 e6 7. Bc4 Nf6 8. h3 Nbd7 9. Bg5 Qb6 10. b3 h6
11. Bxf6 Bb4+ 12. Nd2 Nxf6 13. O-O Qxd4 14. Nf3 Qxd1 15. Raxd1 Bxc2 16. Rc1 Bh7 17. Ne5 Bd6 18. Nf3 Ke7 19. Rfe1 Ba3 20. Rcd1 Rhd8
21. Nd2 Bc2 22. Nf5+ Bxf5 23. Nf3 Bc5 24. Nh4 Bh7 25. Nf3 Ne4 26. Kh2 Bxf2 27. Rxd8 Rxd8 28. Rxe4 Bxe4 29. a3 b5 30. Be2 Bxf3
31. Bxf3 Rd3 32. Bxc6 Bg3+ 33. Kg1 Rd1#
0-1

[Event "Transcendent Classic I"]
[Site "SchemingMind.com"]
[Date "2012.06.29"]
[Round "-"]
[White "Majoanis"]
[Black "alejandro83"]
[Result "0-1"]
[WhiteCountry "CAN"]
[BlackCountry "ARG"]
[WhiteElo "1527"]
[WhiteRD "52"]
[BlackElo "1940"]
[BlackRD "78"]
[GameID "313132"]

1. Nf3 Nf6 2. c4 e6 3. g3 d5 4. d4 c6 5. Bg2 Be7 6. O-O O-O 7. Qc2 Na6 8. a3 b6 9. Ne5 Bb7 10. Rd1 Rc8
11. b4 c5
0-1

[Event "Transcendent Classic I"]
[Site "SchemingMind.com"]
[Date "2012.06.30"]
[Round "-"]
[White "Majoanis"]
[Black "rookie31"]
[Result "0-1"]
[WhiteCountry "CAN"]
[BlackCountry "IND"]
[WhiteElo "1527"]
[WhiteRD "52"]
[BlackElo "2200"]
[BlackRD "61"]
[GameID "313133"]

1. Nf3 Nf6 2. c4 e6 3. g3 d5 4. d4 Nbd7 5. Bg2 c6 6. Qc2 Be7 7. O-O b6 8. Nbd2 Bb7 9. e4 O-O 10. e5 Ne8
11. b3 Rc8 12. Bb2 c5 13. Rac1 dxc4 14. Ng5 Bxg5 15. Bxb7 cxb3 16. axb3 Rc7
0-1

[Event "Transcendent Classic I"]
[Site "SchemingMind.com"]
[Date "2012.06.29"]
[Round "-"]
[White "Majoanis"]
[Black "Olli Ylönen"]
[Result "0-1"]
[WhiteCountry "CAN"]
[BlackCountry "FIN"]
[WhiteElo "1527"]
[WhiteRD "52"]
[BlackElo "1845"]
[BlackRD "53"]
[GameID "313135"]

1. Nf3 c5 2. c4 g6 3. g3 Bg7 4. Bg2 Nc6 5. O-O e5 6. d3 Nge7 7. Nc3 O-O 8. Ne1 d6 9. Nc2 Be6 10. Ne3 Qd7
11. Ned5 Bh3
0-1

[Event "Transcendent Classic I"]
[Site "SchemingMind.com"]
[Date "2012.06.30"]
[Round "-"]
[White "Majoanis"]
[Black "Michal Drus"]
[Result "0-1"]
[WhiteCountry "CAN"]
[BlackCountry "POL"]
[WhiteElo "1527"]
[WhiteRD "52"]
[BlackElo "1645"]
[BlackRD "57"]
[GameID "313137"]

1. Nf3 c5 2. c4 g6 3. g3 Nc6 4. Bg2 Bg7 5. O-O Nf6 6. d4 Ne4 7. Nc3 Nxc3 8. bxc3 Qa5 9. Qd3 O-O 10. Bd2 d6
0-1

[Event "Transcendent Classic I"]
[Site "SchemingMind.com"]
[Date "2012.06.30"]
[Round "-"]
[White "Majoanis"]
[Black "James Reed"]
[Result "0-1"]
[WhiteCountry "CAN"]
[BlackCountry "ENG"]
[WhiteElo "1527"]
[WhiteRD "52"]
[BlackElo "1598"]
[BlackRD "57"]
[GameID "313138"]

1. Nf3 d5 2. c4 e6 3. d4 Nf6 4. g3 dxc4 5. Bg2 Nc6 6. O-O a6 7. e3 Be7 8. Qe2 b5 9. Ne5 Nxe5 10. Bxa8 Ng6
11. Bc6+ Bd7
0-1

[Event "Transcendent Classic I"]
[Site "SchemingMind.com"]
[Date "2012.06.29"]
[Round "-"]
[White "alejandro83"]
[Black "Majoanis"]
[Result "1-0"]
[WhiteCountry "ARG"]
[BlackCountry "CAN"]
[WhiteElo "1940"]
[WhiteRD "78"]
[BlackElo "1527"]
[BlackRD "52"]
[GameID "313139"]

1. d4 d5 2. c4 dxc4 3. Nf3 a6 4. Nc3 Nf6 5. e3 b5 6. a4 b4 7. Na2 e6 8. Bxc4 Bb7 9. O-O Bd6 10. Bd2 a5
11. Qe2 O-O 12. Rad1 Ne4 13. Ne5
1-0

[Event "Transcendent Classic I"]
[Site "SchemingMind.com"]
[Date "2012.06.30"]
[Round "-"]
[White "Michal Drus"]
[Black "Majoanis"]
[Result "1-0"]
[WhiteCountry "POL"]
[BlackCountry "CAN"]
[WhiteElo "1645"]
[WhiteRD "57"]
[BlackElo "1527"]
[BlackRD "52"]
[GameID "313144"]

1. e4 Nf6 2. e5 Nd5 3. d4 d6 4. Nf3 Bg4 5. Be2 c6 6. c4 Nb6 7. Ng5 Bf5 8. e6 fxe6 9. g4 Bxb1 10. Nxe6 Qd7
11. Nxf8 Rxf8 12. Rxb1 Na6 13. Be3
1-0

[Event "Transcendent Classic I"]
[Site "SchemingMind.com"]
[Date "2012.06.30"]
[Round "-"]
[White "James Reed"]
[Black "Majoanis"]
[Result "1-0"]
[WhiteCountry "ENG"]
[BlackCountry "CAN"]
[WhiteElo "1598"]
[WhiteRD "57"]
[BlackElo "1527"]
[BlackRD "52"]
[GameID "313145"]

1. e4 Nf6 2. e5 Nd5 3. d4 d6 4. Nf3 dxe5 5. Nxe5 c6 6. Bc4 g6 7. O-O Bg7 8. Re1 O-O 9. Nc3 Nxc3 10. bxc3 Nd7
11. Bf4 Nxe5 12. dxe5 Bf5 13. Qe2
1-0